[Event "Titled Tuesday intern op 16th Apr Early"]
[Site "Chess.com INT"]
[Date "2024.04.16"]
[Round "3"]
[White "Aaron, Deepak"]
[Black "Butti, Enrique"]
[Result "1-0"]
[WhiteElo "2274"]
[BlackElo "1989"]
[PlyCount "103"]
[EventDate "2024.04.16"]
[EventType "swiss (blitz)"]
[EventRounds "11"]
[EventCountry "USA"]
[SourceTitle "CB17_2024"]
[SourceDate "2024.04.24"]
[SourceVersion "1"]
[SourceVersionDate "2024.04.24"]
[SourceQuality "1"]

1. d4 d5 2. Nf3 Nf6 3. c4 e6 4. Nc3 Be7 5. Bf4 0-0 6. e3 c5 7. dxc5 Bxc5 8. cxd5 Nxd5 9. Nxd5 exd5 10. a3 Nc6 11. Bd3 Be7 12. 0-0 Bf6 13. Rb1 Bg4 14. Bc2 g6 15. h3 Bxf3 16. Qxf3 d4 17. Rfd1 Qe7 18. e4 Rfd8 19. Qe2 Be5 20. Bc1 Qh4 21. Qg4 Qxg4 22. hxg4 Rac8 23. f4 Bg7 24. Bd3 Na5 25. b4 Nc4 26. Kf2 Ne3 27. Bxe3 dxe3+ 28. Kxe3 Rc3 29. a4 Bd4+ 30. Ke2 Ra3 31. a5 Bc3 32. b5 Rxa5 33. Bc4 Re8 34. e5 Re7 35. Rd3 Ra1 36. Rxa1 Bxa1 37. Ra3 Bd4 38. Kd3 Bc5 39. Ra2 Rd7+ 40. Kc3 Rd4 41. g3 g5 42. f5 Rxg4 43. e6 fxe6 44. Bxe6+ Kf8 45. Rh2 Rxg3+ 46. Kc4 Bd6 47. Rxh7 g4 48. Rxb7 Re3 49. Kd5 Be7 50. Rb8+ Kg7 51. Rg8+ Kf6 52. Rg6# 1-0

[Event "Titled Tuesday intern op 16th Apr Early"]
[Site "Chess.com INT"]
[Date "2024.04.16"]
[Round "4"]
[White "Melikhov, Evgeny V"]
[Black "Butti, Enrique"]
[Result "1-0"]
[WhiteElo "2172"]
[BlackElo "1989"]
[PlyCount "81"]
[EventDate "2024.04.16"]
[EventType "swiss (blitz)"]
[EventRounds "11"]
[EventCountry "USA"]
[SourceTitle "CB17_2024"]
[SourceDate "2024.04.24"]
[SourceVersion "1"]
[SourceVersionDate "2024.04.24"]
[SourceQuality "1"]

1. d4 Nf6 2. c4 e6 3. Nc3 c5 4. d5 exd5 5. cxd5 d6 6. Nf3 g6 7. h3 Bg7 8. e4 0-0 9. Bd3 Re8 10. 0-0 c4 11. Bxc4 Nxe4 12. Nxe4 Rxe4 13. Bd3 Rb4 14. Rb1 Nd7 15. b3 Nc5 16. Ba3 Nxd3 17. Qxd3 Bf5 18. Qd2 Rb5 19. Rbc1 Qa5 20. Qxa5 Rxa5 21. Bxd6 Rxa2 22. Be5 Be4 23. Bxg7 Kxg7 24. Rfd1 Rd8 25. d6 Bf5 26. Rc7 Ra6 27. d7 Rb6 28. Nd4 Kf6 29. Nxf5 gxf5 30. Rd3 Ke7 31. g3 Rd6 32. Rxd6 Kxd6 33. Rxb7 Rxd7 34. Rb8 Rc7 35. Kg2 a5 36. Kf3 Ke6 37. Rb5 Rc3+ 38. Kf4 h6 39. Re5+ Kd6 40. Rxa5 Rxb3 41. Kxf5 1-0

[Event "Titled Tuesday intern op 02nd Apr Early"]
[Site "Chess.com INT"]
[Date "2024.04.02"]
[Round "11"]
[White "Emeliantsev, Anatoliy"]
[Black "Butti, Enrique"]
[Result "1-0"]
[WhiteElo "2359"]
[BlackElo "1989"]
[PlyCount "33"]
[EventDate "2024.04.02"]
[EventType "swiss (blitz)"]
[EventRounds "11"]
[EventCountry "USA"]
[SourceTitle "CB15_2024"]
[SourceDate "2024.04.10"]
[SourceVersion "1"]
[SourceVersionDate "2024.04.10"]
[SourceQuality "1"]

1. d4 d5 2. c4 e6 3. Nc3 Nf6 4. Bg5 Be7 5. e3 h6 6. Bf4 0-0 7. Nf3 Bb4 8. Qc2 c5 9. a3 Bxc3+ 10. bxc3 Ne4 11. Bd3 f5 12. 0-0 b6 13. Ne5 Ba6 14. cxd5 Bxd3 15. Qxd3 exd5 16. f3 Nd6 17. dxc5 1-0

[Event "Titled Tuesday intern op 12th Mar Early"]
[Site "Chess.com INT"]
[Date "2024.03.12"]
[Round "8"]
[White "Butti, Enrique"]
[Black "Melikhov, Evgeny V"]
[Result "1-0"]
[WhiteElo "1987"]
[BlackElo "2172"]
[PlyCount "61"]
[EventDate "2024.03.12"]
[EventType "swiss (blitz)"]
[EventRounds "11"]
[EventCountry "USA"]
[SourceTitle "CB12_2024"]
[SourceDate "2023.10.01"]
[SourceVersion "1"]
[SourceVersionDate "2023.10.01"]
[SourceQuality "1"]

1. d4 Nf6 2. Nf3 d5 3. c4 e6 4. Nc3 Bb4 5. cxd5 exd5 6. Bg5 h6 7. Bh4 c5 8. Bxf6 Qxf6 9. dxc5 Bxc3+ 10. bxc3 Qxc3+ 11. Nd2 0-0 12. Rc1 Qa5 13. e3 Qxa2 14. Bd3 Qa3 15. Nb1 Qa5+ 16. Nc3 Qxc5 17. Nxd5 Qa5+ 18. Nc3 Nc6 19. 0-0 Be6 20. f4 Rfd8 21. Qe2 Bg4 22. Qxg4 Rxd3 23. Ne4 Rxe3 24. Ng3 g6 25. Rxc6 bxc6 26. f5 g5 27. h4 f6 28. Nh5 Kf7 29. hxg5 hxg5 30. Qd4 Re5 31. Rc1 1-0

[Event "Titled Tuesday intern op 12th Mar Early"]
[Site "Chess.com INT"]
[Date "2024.03.12"]
[Round "11"]
[White "Butti, Enrique"]
[Black "Rohwer, Paul"]
[Result "1/2-1/2"]
[WhiteElo "1987"]
[BlackElo "2225"]
[PlyCount "108"]
[EventDate "2024.03.12"]
[EventType "swiss (blitz)"]
[EventRounds "11"]
[EventCountry "USA"]
[SourceTitle "CB12_2024"]
[SourceDate "2023.10.01"]
[SourceVersion "1"]
[SourceVersionDate "2023.10.01"]
[SourceQuality "1"]

1. d4 Nf6 2. Nf3 g6 3. c4 Bg7 4. Nc3 0-0 5. Bg5 d6 6. e3 Nbd7 7. Be2 c5 8. 0-0 cxd4 9. Nxd4 a6 10. Rc1 h6 11. Bh4 Qa5 12. Qd2 Nc5 13. Rfd1 Ne6 14. Bxf6 Bxf6 15. Nd5 Qxd2 16. Nxf6+ exf6 17. Rxd2 Nc5 18. Bf3 f5 19. b4 Ne4 20. Bxe4 fxe4 21. Nb3 Rd8 22. c5 d5 23. Nd4 Be6 24. c6 bxc6 25. Rxc6 Rdc8 26. Rdc2 Rxc6 27. Rxc6 Rc8 28. Rxc8+ Bxc8 29. Nb3 Bd7 30. Nc5 Bb5 31. a4 Bc4 32. f3 exf3 33. gxf3 Kf8 34. Kf2 Ke7 35. Ke1 Kd6 36. Kd2 Kc6 37. Kc3 a5 38. Nb3 axb4+ 39. Kxb4 Bxb3 40. Kxb3 Kc5 41. Kc3 g5 42. a5 f5 43. a6 Kb6 44. Kd4 g4 45. fxg4 fxg4 46. Kxd5 h5 47. Ke4 h4 48. Kf4 g3 49. Kf3 gxh2 50. Kg2 Kxa6 51. Kxh2 Kb5 52. Kh3 Kc4 53. Kxh4 Kd3 54. Kg4 Kxe3 1/2-1/2

[Event "Titled Tuesday intern op 29th Aug Early"]
[Site "Chess.com INT"]
[Date "2023.08.29"]
[Round "5"]
[White "Butti, Enrique"]
[Black "Perossa, Nicolas"]
[Result "1-0"]
[WhiteElo "1981"]
[BlackElo "2265"]
[PlyCount "169"]
[EventDate "2023.08.29"]
[EventType "swiss (blitz)"]
[EventRounds "11"]
[EventCountry "USA"]
[SourceTitle "EXT 2024"]
[Source "ChessBase"]
[SourceDate "2023.10.10"]
[SourceVersion "1"]
[SourceVersionDate "2023.10.10"]
[SourceQuality "1"]

1. d4 d6 2. c4 e5 3. Nf3 exd4 4. Nxd4 Nf6 5. Nc3 Be7 6. g3 0-0 7. Bg2 Nbd7 8. 0-0 Re8 9. b3 Bf8 10. e4 Nc5 11. Re1 c6 12. Bb2 a5 13. a3 Qb6 14. Qc2 Bd7 15. Rab1 Rad8 16. Ba1 Ne6 17. Nde2 Ng5 18. Nf4 Bg4 19. h4 Nf3+ 20. Kf1 Nxe1 21. Rxe1 Be6 22. Na4 Qa6 23. Bxf6 gxf6 24. Nh5 Bg7 25. Qc3 b5 26. Nb2 bxc4 27. Nxc4 Bxc4+ 28. bxc4 Re5 29. Nf4 Rc5 30. Rc1 f5 31. Qd3 d5 32. exd5 cxd5 33. Nxd5 Kh8 34. Bf3 Rdc8 35. Be2 Qe6 36. Nf4 Qe5 37. Qd7 R5c7 38. Qd5 Qxd5 39. Nxd5 Rc5 40. Rd1 Bb2 41. a4 Kg7 42. Ne3 Bf6 43. f4 Be7 44. Bd3 Kf8 45. Nxf5 Rd8 46. Ke2 Rc6 47. Ne3 Rb6 48. Nd5 Rb2+ 49. Kf3 Bc5 50. Kg4 Rd6 51. Bxh7 Rb3 52. Bd3 Bf2 53. h5 Rh6 54. Rf1 Bd4 55. Rf3 Rh8 56. f5 Rg8+ 57. Kf4 Bc5 58. g4 Bd6+ 59. Ke4 Kg7 60. g5 Re8+ 61. Kd4 Be5+ 62. Kc5 Rc8+ 63. Nc7 Bxc7 64. Kd5 Rd8+ 65. Ke4 Re8+ 66. Kd5 Rb6 67. c5 Rb4 68. f6+ Kh8 69. g6 Be5 70. gxf7 Rf8 71. Kxe5 Rxf7 72. Bg6 Rf8 73. f7 Rxa4 74. Ke6 Kg7 75. Rd3 Rh4 76. Ke7 Rh2 77. c6 Re2+ 78. Kd6 Rd8+ 79. Kc5 Rc2+ 80. Kb6 Rb8+ 81. Ka7 Rc8 82. Re3 R2xc6 83. Re8 R6c7+ 84. Kb6 a4 85. f8Q# 1-0

[Event "Titled Tuesday intern op 29th Aug Early"]
[Site "Chess.com INT"]
[Date "2023.08.29"]
[Round "4"]
[White "Souleidis, Georgios"]
[Black "Butti, Enrique"]
[Result "1-0"]
[WhiteElo "2419"]
[BlackElo "1981"]
[PlyCount "107"]
[EventDate "2023.08.29"]
[EventType "swiss (blitz)"]
[EventRounds "11"]
[EventCountry "USA"]
[SourceTitle "EXT 2024"]
[Source "ChessBase"]
[SourceDate "2023.10.10"]
[SourceVersion "1"]
[SourceVersionDate "2023.10.10"]
[SourceQuality "1"]

1. e4 c5 2. Nf3 d6 3. Bc4 e6 4. 0-0 Nf6 5. Re1 Be7 6. Bf1 0-0 7. c3 Nc6 8. d4 cxd4 9. cxd4 d5 10. e5 Ne4 11. Nbd2 f5 12. exf6 Nxf6 13. Nb3 Bd6 14. Bg5 Qc7 15. Bd3 Bf4 16. Bxf4 Qxf4 17. Qc1 Qd6 18. Qc5 Qd8 19. a3 Nh5 20. Ne5 Nxe5 21. Rxe5 Nf4 22. Qc2 g6 23. Rae1 Qf6 24. Bf1 Bd7 25. g3 Nh5 26. Nc5 Rac8 27. Qd2 Rxc5 28. dxc5 Ng7 29. b4 a6 30. Bg2 Bc6 31. R1e2 Rd8 32. Qg5 Qxg5 33. Rxg5 d4 34. Bxc6 bxc6 35. Rge5 Kf7 36. g4 h6 37. Rd2 Rd5 38. Rxd5 exd5 39. Rxd4 Ne6 40. Rd2 g5 41. Kg2 Kf6 42. Kf3 Nf4 43. h4 Ke5 44. hxg5 hxg5 45. Rd1 d4 46. Rh1 Kd5 47. Rh7 Kc4 48. Ra7 Kc3 49. Rxa6 d3 50. Rxc6 d2 51. Rd6 Kc2 52. c6 d1Q+ 53. Rxd1 Kxd1 54. c7 1-0

[Event "Asuncion CIT op"]
[Site "Asuncion"]
[Date "2023.08.17"]
[Round "8"]
[White "Aguirre, Edgar"]
[Black "Butti, Enrique"]
[Result "0-1"]
[WhiteElo "1682"]
[BlackElo "1981"]
[PlyCount "104"]
[EventDate "2023.08.12"]
[EventType "swiss"]
[EventRounds "9"]
[EventCountry "PAR"]
[SourceTitle "CBM 215 Extra"]
[Source "ChessBase"]
[SourceDate "2023.09.30"]
[SourceVersion "1"]
[SourceVersionDate "2023.09.30"]
[SourceQuality "1"]

1. d4 d5 2. Nf3 e6 3. g3 Nf6 4. Bg2 c5 5. 0-0 Nc6 6. e3 Be7 7. b3 0-0 8. Bb2 b6 9. Nc3 Ba6 10. Ne2 Rc8 11. dxc5 bxc5 12. Re1 Nd7 13. Nf4 Bf6 14. c3 Nb6 15. Nh5 e5 16. h3 e4 17. Nxf6+ Qxf6 18. Nh2 c4 19. Ba3 Rfd8 20. Rc1 Qg6 21. Qg4 Ne5 22. Qxg6 hxg6 23. Bf1 Nd3 24. Bxd3 cxd3 25. Red1 Rc6 26. Nf1 Bc8 27. Kg2 a5 28. Rd2 Be6 29. Rb2 Rdc8 30. Nd2 Rxc3 31. Rxc3 Rxc3 32. g4 g5 33. Kg3 g6 34. h4 gxh4+ 35. Kxh4 f5 36. Kg5 Kf7 37. Rb1 fxg4 38. Rh1 Bf5 39. Rh7+ Ke8 40. Rb7 Nd7 41. Ra7 Rc2 42. Nf1 d2 43. Nxd2 Rxd2 44. Kh6 Kf7 45. Bd6 Rxa2 46. b4 Rxf2 47. bxa5 d4 48. exd4 e3 49. d5 e2 50. Bb4 g3 51. Be1 Rh2+ 52. Kg5 g2 0-1

[Event "Titled Tuesday intern op 08th Aug Late"]
[Site "Chess.com INT"]
[Date "2023.08.08"]
[Round "4"]
[White "Butti, Enrique"]
[Black "Ladan, Nicholas John"]
[Result "0-1"]
[WhiteElo "1981"]
[BlackElo "2218"]
[PlyCount "52"]
[EventDate "2023.08.08"]
[EventType "swiss (blitz)"]
[EventRounds "11"]
[EventCountry "USA"]
[SourceTitle "EXT 2024"]
[Source "ChessBase"]
[SourceDate "2023.10.10"]
[SourceVersion "1"]
[SourceVersionDate "2023.10.10"]
[SourceQuality "1"]

1. d4 c5 2. d5 f5 3. c4 Nf6 4. Nc3 d6 5. e4 fxe4 6. f3 g6 7. fxe4 Bg7 8. Bd3 0-0 9. Nf3 Bg4 10. 0-0 Nbd7 11. Qe1 Bxf3 12. gxf3 Ne5 13. Be2 Nh5 14. f4 Nd7 15. Bxh5 gxh5 16. Qh4 Qe8 17. Kh1 Kh8 18. Be3 Bf6 19. Qh3 Nb6 20. e5 dxe5 21. fxe5 Bxe5 22. Bh6 Rxf1+ 23. Rxf1 Qg6 24. Bc1 Rg8 25. Nd1 Nxc4 26. Nf2 Bd4 0-1

[Event "Titled Tuesday intern op 01st Aug Early"]
[Site "Chess.com INT"]
[Date "2023.08.01"]
[Round "5"]
[White "Namitbir, Singh Walia"]
[Black "Butti, Enrique"]
[Result "1-0"]
[WhiteElo "2364"]
[BlackElo "1981"]
[PlyCount "59"]
[EventDate "2023.08.01"]
[EventType "swiss (blitz)"]
[EventRounds "11"]
[EventCountry "USA"]
[SourceTitle "EXT 2024"]
[Source "ChessBase"]
[SourceDate "2023.10.10"]
[SourceVersion "1"]
[SourceVersionDate "2023.10.10"]
[SourceQuality "1"]

1. e4 c5 2. Nf3 d6 3. d4 cxd4 4. Nxd4 Nf6 5. f3 a6 6. c4 e6 7. Nc3 b6 8. Be3 Bb7 9. Be2 Nbd7 10. 0-0 Be7 11. Rc1 0-0 12. Qd2 Rc8 13. Rfd1 Re8 14. Kh1 Qc7 15. Qe1 Qb8 16. a3 Bd8 17. b4 Bc7 18. Qh4 d5 19. cxd5 exd5 20. Nf5 Be5 21. Nxd5 Nxd5 22. exd5 Rxc1 23. Rxc1 Bxd5 24. Ne7+ Rxe7 25. Qxe7 Nf6 26. Bxa6 Bd6 27. Qxd6 Qxd6 28. Rc8+ Qf8 29. Bxb6 Ne8 30. Bc5 1-0

[Event "Titled Tuesday intern op 20th Jun Early"]
[Site "Chess.com INT"]
[Date "2023.06.20"]
[Round "3"]
[White "Butti, Enrique"]
[Black "Marin, Sebastian"]
[Result "1/2-1/2"]
[WhiteElo "1999"]
[BlackElo "2265"]
[PlyCount "64"]
[EventDate "2023.06.20"]
[EventType "swiss (blitz)"]
[EventRounds "11"]
[EventCountry "USA"]
[SourceTitle "EXT 2024"]
[Source "ChessBase"]
[SourceDate "2023.10.10"]
[SourceVersion "1"]
[SourceVersionDate "2023.10.10"]
[SourceQuality "1"]

1. d4 Nf6 2. c4 e6 3. Nc3 Bb4 4. Bg5 h6 5. Bh4 b6 6. f3 g5 7. Bf2 Bxc3+ 8. bxc3 Nc6 9. e4 Ba6 10. h4 g4 11. h5 Qe7 12. Bh4 e5 13. Ne2 Bxc4 14. Ng3 Bxf1 15. Rxf1 0-0-0 16. Nf5 Qa3 17. Bxf6 Qxc3+ 18. Kf2 gxf3 19. gxf3 exd4 20. Nxd4 Qc5 21. Rc1 Qxh5 22. Bxh8 Rxh8 23. Nxc6 dxc6 24. Rxc6 Qh2+ 25. Ke3 Rd8 26. Qc2 Qe5 27. Rc1 Kb8 28. Rxc7 Qg5+ 29. Ke2 Qg2+ 30. Ke3 Qg5+ 31. Ke2 Qg2+ 32. Ke3 Qg5+ 1/2-1/2

[Event "Titled Tuesday intern op 09th May Early"]
[Site "Chess.com INT"]
[Date "2023.05.09"]
[Round "1"]
[White "Andreev, Konstantin"]
[Black "Butti, Enrique"]
[Result "1-0"]
[WhiteElo "2195"]
[BlackElo "2006"]
[PlyCount "91"]
[EventDate "2023.05.09"]
[EventType "swiss (blitz)"]
[EventRounds "11"]
[EventCountry "USA"]
[SourceTitle "CBM 214 Extra"]
[Source "ChessBase"]
[SourceDate "2023.07.31"]
[SourceVersion "1"]
[SourceVersionDate "2023.07.31"]
[SourceQuality "1"]

1. e4 c5 2. Nf3 d6 3. d4 cxd4 4. Nxd4 Nf6 5. Nc3 a6 6. h4 e5 7. Nb3 Be6 8. f4 exf4 9. Bxf4 Nc6 10. Qd2 Ne5 11. 0-0-0 Be7 12. Be2 Rc8 13. Qe3 Qc7 14. Kb1 Bc4 15. Qd2 Bxe2 16. Qxe2 Nc4 17. Nd5 Nxd5 18. exd5 0-0 19. c3 Rfe8 20. Qc2 Bf6 21. g4 b5 22. Nd4 Bxd4 23. Rxd4 b4 24. Rc1 Qb6 25. Ka1 a5 26. Qd3 Ne5 27. Bxe5 dxe5 28. Rc4 Rxc4 29. Qxc4 e4 30. cxb4 axb4 31. Qc6 Qd8 32. d6 Re6 33. Rd1 e3 34. Qc7 Re8 35. Qxd8 Rxd8 36. Kb1 Kf8 37. Kc2 Ke8 38. Re1 Rxd6 39. Rxe3+ Kd7 40. Re4 Rb6 41. Kb3 f6 42. Rxb4 Re6 43. a4 Re3+ 44. Kc4 Rh3 45. h5 Rg3 46. Kb5 1-0